Birth Flower - Statistics

General Stats
  • This quiz has been taken 1,177 times
    1,176 since last reset
  • The average score is 10 of 24
Answer Stats
Hint Answer % Correct
June Rose
97%
June Rose
97%
April Daisy/ Peony
76%
March Daffodil
60%
March Daffodil
60%
January Carnation
45%
October Marigold/ Hops/ Calendula
43%
October Marigold/ Hops/ Calendula
43%
February Violet
43%
August Poppy/ Gladiolus
40%
August Poppy
35%
September Aster/ Forget-me-not
34%
November Chrysanthemum
33%
November Chrysanthemum
33%
December Holly/ Narcissus
31%
September Morning Glory/ Aster
31%
May Hawthorn/ Lily of the Valley
30%
May Lily of the Valley
29%
July Water Lily/ Delphinium/ Larkspur
29%
January Snowdrop
23%
February Primrose
17%
December Narcissus
16%
April Sweet Pea
16%
July Larkspur
14%
No matching quizzes found
Score Distribution
Percent of People with Each Score
Percentile by Number Answered
Your Score History
You have not taken this quiz since the last reset